000 00458nam a2200169Ia 4500
008 230917s9999||||xx |||||||||||||| ||und||
020 _cRS 1395.00
040 _e5003990
_aMAIN
041 _aEnglish
082 _a954.01 C392B:E
100 _aChattopadhyaya, B D
245 0 _aEarly Indian history and beyond
260 _aDelhi
_bPrimus Books
_c2019
300 _axiv, 592 p.
500 _a4864 22/12/2022 SKBD23/6010 08/02/2023 Main Budget
942 _cBK
999 _c7603
_d7603